000 00657nam a2200241Ia 4500
003 OSt
005 20220927105309.0
006 a|||||r|||| 00| 0
007 ta
008 220926b |||||||| |||| 00| 0 eng d
020 _a0691115656
024 _a188058
037 _cReference Collections
040 _aRTL
_cRTL
_beng
041 _2eng
_aeng
082 _a"Yb4, P3"
100 _aRabinow Paul
_9371483
245 0 _aAnthropos today
_b Reflections on modern equipment
260 _aNew
_bJersey Princeton
_c2003
300 _a"viii, 159p"
_ccm.
942 _h"Yb4, P3"
_cCC
999 _c691659
_d691659